Представление документа в формате RUSMARC

ПолеНазваниеЗначение
  Тип записи a
  Библиографический уровень m
001 Контрольный номер 2245ede8f56e4e1cbfeb06201e784121
005 Дата корректировки 20171030145829.3
010 Индекс ISBN __
a ISBN 978-5-394-02270-8
d Цена 299 р. 00 к.
101 Язык документа 0_
a Язык текста rus
102 Страна публикации __
a Страна публикации RU
200 Заглавие и сведения об ответственности 1_
a Заглавие Основы коммерческой деятельности
e Сведения, относящиеся к заглавию Учебник
f Первые сведения об ответственности О. В. Памбухчиянц
210 Выходные данные 1_
a Место издания М.:
c Издательство Издательско-торговая корпорация "Дашков и К"
d Дата издания 2017
215 Физическое описание __
a Объем 284 с.
610 Ключевые слова 0_
a Ключевые слова договоры в коммерческой деятельности
a Ключевые слова товарные склады
a Ключевые слова розничная торговая сеть
a Ключевые слова Хранение и подготовка товаров к продаже
686 Индексы других классификаций __
a Классификационный индекс 65.422
700 Автор _1
a Фамилия Памбухчиянц О. В.
801 Источник записи _0
a Страна RU
b Организация РУК
g Правила каталогизации PSBO
801 Источник записи _1
a Страна RU
b Организация РУК
g Правила каталогизации PSBO
852 Данные о местонахождении __
i Авторский знак П15
901 Тип документа __
t Тип документа m
937 Технологическая информация __
a Создатель записи (имя) Иванова
938 Служебная информация __
a Название организации Краснодарский филиал
952 Тип литературы __
b Гриф литературы для ВШ гриф